000 00286nam a2200109Ia 4500
008 190914s9999||||xx |||||||||||||| ||und||
100 _aJay L.Devore
245 0 _aProbability and Statistics for Engineers ans Sciences
260 _aCanada
_bDuxbury
_c1997
300 _a249
942 _cBK
999 _c8632
_d8632